000 03941nkm0a2200505 4500
001 RU\NLR\BIBL_A\010886035
005 20260408123104.0
035 _a(NLR Aleph) 010886035
071 5 0 _d5 к.
_910000
090 _a13424776
_c13424776
100 _a20151110d1934 |||y0rusy50 ca
101 0 _arus
102 _aRU
116 _adiybxx zz ae
135 _acrcn 024anaba
200 1 _aПахота в колхозе
_bИзоматериал
_eпочтовая карточка
210 _aМосква
_cХудожеств.-произв. комбинат ППЦ НКП
_d[1934?]
_g2-я тип. изд-ва ЦК ВКП(б) "Правда"
215 _a1 л.
_cглуб. печ.
_d9,8х14,1
225 1 _aЦикл "СССР в открытках"
_hСерия № 4
_iМосковская область
_v№ 59
300 _aНа адрес. стороне изд. марка: ХПК ППЦ
300 _aЦенз. разрешение: Уполн. Главл. В-62410
300 _aВ вып. дан.: Зак. 1564
325 1 _aКопия доступна в электронной библиотеке РНБ
606 1 _aПочтовые открытки маркированные художественные
_yСССР
_z1917 - 1945
_92597599
_3RU\NLR\AUTH\661534720
606 1 _aФотографические открытки
_92151039
_3RU\NLR\AUTH\661600135
606 1 _aКолхозы
_jОткрытки
_yМосковская область
_91110077
_3RU\NLR\AUTH\66438376
606 1 _aПахота тракторами
_jОткрытки
_91817931
_3RU\NLR\AUTH\66820856
606 1 _aТракторы
_jОткрытки
_91284109
_3RU\NLR\AUTH\66212245
607 _aМосковская область
_jОткрытки
_92075749
_3RU\NLR\AUTH\661250842
617 _aСССР
_bРСФСР
_cМосковская область
686 1 _aЩ153(2)7-489
712 0 1 _4650
_aРСФСР
_bПолитико-просветительный центр
_bХудожественно-производственный комбинат
_3RU\NLR\AUTH\880419680
_9504356
712 0 2 _4610
_a"Правда", издательство
_cМосква
_bТипография им. Сталина
_bФилиал
_d2
_3RU\NLR\AUTH\8810149028
_9792591
830 _aОткрытка датирована по экз. РНБ на шифре Э ОСе170/11, инв.220120: на адресной стороне штамп, содержащий год поступления в РНБ: Г.П.Б. в Лнгр. Ц. 1934 г. Акт №. А.Я. ОЭст
830 _aППЦ НКП - предположительно, Политико-просветительный центр Народного комиссариата просвещения. В базе колл. авт. заголовок "РСФСР. Политико-просветительный центр" - сс. от "Политико-просветительный центр НКП РСФСР". А.Я. ОЭст
830 _a2-я тип. изд-ва ЦК ВКП(б) "Правда" = "Правда", издательство. Москва. Типография им. Сталина. Филиал. (2). См. БЗ: ... Темник по проведению "Займа рабочих предложений" / 2-я тип. из-ва ЦК ВКП(б). "Правда". - [Москва] : 2-я тип. "Правды", 1932. А.Я. ОЭст
856 0 _uhttp://vivaldi.nlr.ru/lo000070951/view
856 1 _uhttp://vivaldi.nlr.ru/lo000070951/cover
856 2 _uhttp://vivaldi.nlr.ru/lo000070951/text
901 _eИзографические материалы
942 _cVISUAL
980 _aNB
981 1 7 _a(17) Изографические материалы
_b(17) Открытки